| 000 | 00828nas a2200241 4500 | ||
|---|---|---|---|
| 001 | BR9203471 | ||
| 003 | BR-BrBNA | ||
| 005 | 20231205092641.0 | ||
| 007 | ta | ||
| 008 | 230509b bl.|||p| |||| 00| 00por d | ||
| 040 |
_aBR-BrBNA _bpor _cBiblioteca Nacional de Agricultura |
||
| 041 | _a(Pt) | ||
| 072 | _aL72 | ||
| 100 | 1 | _aAlmeida, M.A.O. de | |
| 100 | 1 | _aGonzales, J.C. | |
| 100 | 1 | _aRemiao, J. dos R. | |
| 245 | 1 |
_aInibicao da postura e da eclosao de ovos em Boophilus microplus (Can., 1887)por agentes cistostaticos _bparte de tese |
|
| 650 | _aCARRAPATO | ||
| 650 | _aPARASITO DE ANIMAL | ||
| 773 | 0 |
_tArquivos da Faculdade de Veterinaria da Universidade Federal do Rio Grande do Sul (Brazil) _xISSN 0101-5230 _g(1989), v. 17 p. 5-21 _wBR9203471 |
|
| 909 |
_a202311 _bLúcia _c55 _dLúcia Elande |
||
| 942 |
_2AGRIS _n0 _cANA |
||
| 999 |
_c133151 _d133151 |
||